Biblioteca y Centro de Documentación

La protección de los trabajadores autónomos económicamente dependientes en la ley concursal (Registro nro. 37770)

Detalles MARC
000 -CABECERA
Longitud fija campo de control 01197naa a2200313 c 4500
001 - NÚMERO DE CONTROL
Número de control 37770
003 - IDENTIFICADOR DE NÚMERO DE CONTROL
Identificador del número de control ES-MaCES
005 - FECHA Y HORA DE LA ÚLTIMA TRANSACCIÓN
Fecha y hora de la última transacción 20071212143700.0
008 - CAMPO FIJO DE DESCRIPCIÓN FIJA--INFORMACIÓN GENERAL
Códigos de información de longitud fija   070511n2007 sp t ||0 | spa d
035 ## - NÚMERO DE CONTROL DEL SISTEMA
Número de control del sistema CES20070002912v
040 ## - FUENTE DE CATALOGACIÓN
Centro catalogador de origen ES-MaCES
Lengua de catalogación spa
Centro transcriptor ES-MaCES
100 1# - ENCABEZAMIENTO PRINCIPAL--NOMBRE PERSONAL
Nombre de persona Maneiro Vázquez, Yolanda
9 (RLIN) 17380
245 13 - MENCIÓN DE TÍTULO
Título La protección de los trabajadores autónomos económicamente dependientes en la ley concursal
Mención de responsabilidad, etc. Yolanda Maneiro Vázquez
500 ## - NOTA GENERAL
Nota general Resumen
610 14 - ASIENTO SECUNDARIO DE MATERIA--NOMBRE CORPORATIVO
Nombre de entidad corporativa o nombre de jurisdicción como elemento inicial España
Título de la obra Ley del Estatuto del trabajo autónomo
Fecha del congreso o de la firma de un tratado 2007
9 (RLIN) 2956
650 #4 - ASIENTO SECUNDARIO DE MATERIA--TÉRMINO DE MATERIA
Término de materia o nombre geográfico como elemento inicial protección social
9 (RLIN) 29076
650 #4 - ASIENTO SECUNDARIO DE MATERIA--TÉRMINO DE MATERIA
Término de materia o nombre geográfico como elemento inicial Estatuto de los Trabajadores
9 (RLIN) 30784
650 #4 - ASIENTO SECUNDARIO DE MATERIA--TÉRMINO DE MATERIA
Término de materia o nombre geográfico como elemento inicial derechos económicos y sociales
9 (RLIN) 29875
650 #4 - ASIENTO SECUNDARIO DE MATERIA--TÉRMINO DE MATERIA
Término de materia o nombre geográfico como elemento inicial régimen jurídico
9 (RLIN) 29894
650 #4 - ASIENTO SECUNDARIO DE MATERIA--TÉRMINO DE MATERIA
Término de materia o nombre geográfico como elemento inicial derecho concursal
9 (RLIN) 31756
650 #4 - ASIENTO SECUNDARIO DE MATERIA--TÉRMINO DE MATERIA
Término de materia o nombre geográfico como elemento inicial legislación del trabajo
9 (RLIN) 27166
650 #4 - ASIENTO SECUNDARIO DE MATERIA--TÉRMINO DE MATERIA
Término de materia o nombre geográfico como elemento inicial trabajo a cuenta propia
9 (RLIN) 30170
650 #4 - ASIENTO SECUNDARIO DE MATERIA--TÉRMINO DE MATERIA
Término de materia o nombre geográfico como elemento inicial trabajador
9 (RLIN) 28414
653 10 - TÉRMINO DE INDEXACIÓN--NO CONTROLADO
Término no controlado Derecho del trabajo y Seguridad Social
773 0# - ENTRADA DE DOCUMENTO FUENTE
Título Actualidad laboral
Parte(s) relacionada(s) n. 3 (1ª quinc. feb. 2007){10002 R. 066929}; p. 294-310
Número de control del registro relacionado (ES-MaCES)25022
Itemnumber del ítem fuente 29239
902 ## - CES. TIPO DE DOCUMENTO
Tipodoc (006$c Sirtex) ART Artículo de revista
942 ## - ELEMENTOS KOHA
Fuente de clasificaión o esquema Clasificación propia del CES
Koha [por defecto] tipo de item Artículos (1982-2017)
Parte de clasificación 6.0.1.

No hay ítems disponibles.

© CES, Consejo Económico y Social de España 2021